[Event "Corus-B"]
[Site "Wijk aan Zee"]
[Date "2004.01.20"]
[Round "9"]
[White "Nakamura, Hikaru"]
[Black "Bruzon Batista, Lazaro"]
[Result "1-0"]
[WhiteElo "2571"]
[BlackElo "2603"]
[Annotator "Dautov,R"]
[PlyCount "73"]
[EventDate "2004.01.10"]
[EventType "tourn"]
[EventRounds "13"]
[EventCountry "NED"]
[EventCategory "13"]
[SourceTitle "CBM 099"]
[Source "ChessBase"]
[SourceDate "2004.03.30"]
[SourceVersion "1"]
[SourceVersionDate "2004.03.30"]
[SourceQuality "1"]

1. c4 e6 2. Nc3 d5 3. d4 Nf6 4. Nf3 Be7 5. Bf4 O-O 6. e3 Nbd7 7. c5 c6 8. Bd3
b6 9. b4 a5 10. a3 Ba6 11. O-O Qc8 12. h3 Qb7 13. Qc2 Bxd3 14. Qxd3 Ra7 {
Die Eröffnungstheorie ist heutzutage sehr weit entwickelt, und die Gegner
folgen lange Zeit der Partie Lautier-Lutz/Leon 2001.} 15. Nd2 (15. cxb6 Qxb6
16. b5 cxb5 17. Nxb5 Raa8 18. Rab1 Qa6 $11) (15. Rfc1 axb4 16. axb4 Rfa8 17.
Rab1 b5 18. Qc2 $6 (18. Nd2 $1) 18... Bd8 19. Qd1 Bc7 $11 {Galego,L-Vaganian,R/
Ohrid 2001}) ({Wenig verspricht Weiß die Linienöffnung} 15. cxb6 Nxb6 (15...
Qxb6 16. b5 cxb5 17. Nxb5 Raa8 18. Rab1 Qa6 $11) 16. bxa5 Rxa5 17. Rfb1 Qa7 18.
Ne5 Rc8 $11) 15... Rfa8 16. Rab1 axb4 17. axb4 Ra3 (17... Bd8 $5 18. Nb3 b5 $11
) 18. Qc2 Bd8 {Zu 18...h6 siehe meine Kommentare zu der o.g. Partie
Lautier-Lutz.} (18... h6 19. Rb2 Bd8 20. Rc1 bxc5 $6 (20... b5 21. Nb3 R3a7 $11
{/\Bc7}) 21. bxc5 Qa6 22. Rb3 Ne8 23. Rxa3 Qxa3 24. Nb3 Qb4 25. Rb1 Bf6 26. Ne2
h5 27. Nd2 Qa5 28. Nf3 $14 {Lautier,J-Lutz,C/Leon 2001/CBM}) 19. Nb3 {Erst
dieser Zug ist eine Neuerung, den die gleiche Stellung entstand bereits mit
Zugumstellung in der Partie Cyborowski-Ostrowski.} (19. Rfc1 bxc5 20. dxc5 Bc7
21. Bxc7 Qxc7 22. Nf3 Rb8 $2 23. Nd4 Raa8 24. b5 $1 Ne5 25. Na4 Nc4 26. Nb6 $1
Nxb6 27. cxb6 Rxb6 28. bxc6 $16 {Cyborowski,L-Ostrowski,L/Lubniewice 2002 Hier
sieht man, daß der Freibauer "c" gefährlich werden kann. Auch in der
Textpartie bedient sich Weiß der gleichen Strategie.}) 19... Bc7 $2 {Dieser
natürliche Zug erlaubt Weiß den Beginn eines gefährlichen strategischen Planes.
In Frage kam deswegen die Schließung der Stellung mit 19...b5, allerdings kann
sich dabei das Einschieben von Ra7-a3 als nachteilig für Schwarz erweisen.} (
19... b5 20. f3 $5 R3a7 $1 (20... Bc7 $2 21. Bxc7 Qxc7 22. Na5 e5 23. Qb2 $16)
21. g4 Bc7 $13) 20. Bxc7 Qxc7 21. b5 $1 {[%mdl 32] Stark gespielt! Weiß wil in
den nächsten Zügen den Druck auf der c-Linie verstärken und den Gegner zum
Schlagen b6xc5 zwingen, was ihm einen Freibauern einbringen würde. Die
schwarzen Türme auf der a-Linie erweisen sich als mißplatziert, sie werden den
Rückzug antreten müssen.} Rc8 22. Rfc1 Raa8 23. Qe2 Qd8 (23... bxc5 $2 24. dxc5
e5 25. b6 Qb7 26. Ra1 $16) 24. bxc6 Rxc6 25. Qb5 $16 {Das weiße Spiel ist
verblüffend einfach und effektiv.} Rcc8 $2 {Der Zug ist sicherlich nicht gut,
aber die Alternativen waren für Schwarz ebenfalls kein Zuckerschlecken.} (25...
Rac8 26. Na2 bxc5 27. dxc5 Ne4 28. Nb4 R6c7 29. Na6 Qh4 30. Rc2 Ra7 31. c6 Ne5
32. c7 $16) (25... Qc7 26. Ra1 Rxa1 27. Rxa1 bxc5 28. Ra8+ Nf8 29. dxc5 N6d7
30. Na2 $16) 26. c6 Nb8 27. Na4 Ra6 28. Nd2 $18 {Schwarz wird schlichtweg
überrollt.} Qc7 (28... Ne8 {rettet auch nicht:} 29. Nxb6 Nd6 30. c7 $1 Rxc7 31.
Rxc7 Qxc7 (31... Nxb5 32. Rc8 Qxc8 33. Nxc8 Ra5 34. Nd6 $18) 32. Nxd5 $18) 29.
Nxb6 {Der Rest ist einfach.} Rd8 30. Nf3 Ne4 31. Ne5 Nd6 32. Qb3 f6 33. Nd3 Ne4
34. Nf4 Nd2 35. Nxe6 Nxb3 36. Nxc7 Rxb6 37. Nxd5 (37. Nxd5 Nxc1 38. c7 Rc8 39.
Rxb6 $18) 1-0

[Event "EU-chT (Men) 14th"]
[Site "Plovdiv"]
[Date "2003.10.18"]
[Round "7.1"]
[White "Van Wely, Loek"]
[Black "Halkias, Stelios"]
[Result "1-0"]
[WhiteElo "2654"]
[BlackElo "2546"]
[Annotator "Dautov,R"]
[PlyCount "114"]
[EventDate "2003.10.10"]
[EventType "team-swiss"]
[EventRounds "9"]
[EventCountry "BUL"]
[SourceTitle "CBM 098"]
[Source "ChessBase"]
[SourceDate "2004.02.03"]
[SourceVersion "1"]
[SourceVersionDate "2004.02.03"]
[SourceQuality "1"]
[WhiteTeam "Netherlands"]
[BlackTeam "Greece"]
[WhiteTeamCountry "NED"]
[BlackTeamCountry "GRE"]

1. d4 d5 2. c4 e6 3. Nf3 Nf6 4. Nc3 Be7 5. Bf4 O-O 6. e3 Nbd7 7. c5 c6 8. h3 b6
9. b4 a5 10. a3 Bb7 (10... Ba6 11. Bxa6 Rxa6 12. O-O Qa8 13. Rb1 Qb7 14. Qc2
axb4 15. axb4 Rfa8 16. Ne1 b5 17. Nd3 Bd8 18. f3 Bc7 19. g4 Qb8 20. Bxc7 Qxc7
21. Qh2 Qd8 22. Qg3 Ra3 23. Rfc1 Ne8 24. h4 Qe7 25. Kf2 f6 26. g5 Qf7 $11 {
Ponomariov-Vallejo Pons/Leon rapid 2003}) 11. Bd3 Qc8 12. O-O Ba6 13. Rb1 Bxd3
14. Qxd3 axb4 15. axb4 Qb7 16. Rfc1 Rfc8 $6 {Ein unnötiger Tempoverlust,
genauer ist das sofortige 16...Ra6.} (16... Ra6 17. b5 cxb5 18. Qxb5 Qa8 $11
19. c6 $2 Ra5) 17. Qc2 h6 18. Ne1 $1 {Van Wely folgt dem bekannten Plan, der
zuletzt in der Partie Ponomariov-Vallejo Pons demonstriert wurde.} Bd8 19. Nd3
b5 20. g4 Ra6 21. f3 Rca8 (21... Bc7 $5) 22. h4 Nh7 23. Qh2 Ndf8 24. Bg3 $1 {
Van Wely plant den Vorstoß g4-g5, deswegen will er sich nicht zum frühzeitigen
h4-h5 provozieren lassen.} (24. Bd6 Ng6 25. h5 Ngf8 $11) 24... Ra3 25. Kh1 R8a7
26. Qe2 Bc7 {Schwarz könnte auch abwarten, denn ohne den Läuferabtausch sieht
f3-f4 nicht verlockend aus.} (26... Ng6 $5 27. Qf2 Ngf8 $11) 27. Bxc7 Qxc7 28.
f4 Ng6 29. h5 {Mit diesem Zug erleichtert Weiß sein Spiel, erschwert aber die
Durchsetzung von g4-g5. In Frage kam das flexible 29.Qh2.} (29. Qh2 $5 Nf6 30.
Nf2 $13) 29... Ngf8 {Nun beginnt eine längere Phase des Manövrierens, dabei
verändert sich die Stellung kaum.} 30. Kg2 Nd7 31. Kh3 R7a6 32. Rc2 Ndf6 33.
Nf2 Nd7 34. Kg2 Ndf8 35. Rcc1 Qd8 36. Qc2 Qd7 37. Rb3 $1 {Der Turmtausch ist
nützlich für Weiß, der seinen König auf dem Damenflügel verstecken will.} Rxb3
38. Qxb3 Qe8 39. Qc2 Qa8 40. Qb2 Nf6 (40... f6 $5) 41. Kf3 Ra3 42. Qb1 Qa7 43.
Ke2 Qa8 44. Kd2 N8d7 45. Rh1 $2 {Weiß will endlich die Drohung g4-g5
aufstellen, sucht sich aber dafür den falschen Moment aus. Besser war das
geduldige 45.Qb2.} (45. Qb2 $1 {/\Rh1}) 45... Ne4+ $1 {Halkias nutzt sofort
seine Chance und startet einen Königsangriff. Das Ende der Partie ist typisch
für die neue Zeitkontrolle der FIDE. Nur mit 30 Sekunden pro Zug ausgestattet,
produzieren die Spieler Fehler am laufenden Band.} 46. Nfxe4 dxe4 47. g5 hxg5
48. fxg5 Qd8 (48... Ne5 $5 49. dxe5 (49. Qxe4 $2 Nc4+ 50. Kc2 Rxc3+ $19) 49...
Qd8+ 50. Ke2 Rxc3 51. Qxe4 Ra3 $13 (51... Rc4 $5 $13)) 49. Nxe4 $2 (49. Rg1 Ne5
50. Qxe4 Nc4+ 51. Kd3 Qa8 $40) 49... Ne5 50. Ke2 Nc4 $2 {Deutlich besser war
50...Ng4!} (50... Ng4 $1 51. Rh3 Qd5 $19) 51. h6 $4 (51. Rh3 $1 Qd5 52. h6 Qf5
53. Rg3 $13) 51... g6 $4 {Der entscheidende Fehler.} (51... Rxe3+ 52. Kf2 Qxd4
$19) 52. Rh3 $18 {Nun fährt Weiß den Punkt sicher ein.} Qa8 53. Qf1 Ra2+ 54.
Kf3 Ra1 55. Qg2 Qd8 56. Kg4 Rb1 57. h7+ Kh8 (57... Kh8 58. Qf2 $18) 1-0

[Event "FIDE World Cup"]
[Site "Khanty-Mansiysk"]
[Date "2005.12.06"]
[Round "4.1"]
[White "Bacrot, Etienne"]
[Black "Lautier, Joel"]
[Result "1/2-1/2"]
[WhiteElo "2725"]
[BlackElo "2680"]
[Annotator "Dautov,R"]
[PlyCount "80"]
[EventDate "2005.11.27"]
[EventType "k.o."]
[EventRounds "7"]
[EventCountry "RUS"]
[SourceTitle "CBM 111"]
[Source "ChessBase"]
[SourceDate "2006.04.04"]
[SourceVersion "1"]
[SourceVersionDate "2006.04.04"]
[SourceQuality "1"]

1. d4 d5 2. c4 e6 3. Nc3 Be7 4. Nf3 Nf6 5. Qc2 c5 {Ein gutes System gegen 5.
Qc2.} 6. cxd5 {Im Falle von 6.dxc5 hat Schwarz ein starkes Bauernopfer parat.}
(6. dxc5 d4 7. Nb5 e5 8. Nxe5 a6 9. Na3 O-O $1 10. g3 (10. Nd3 $5 Bf5 $44 {
/\Nbd7}) (10. Bd2 Bxc5 11. b4 Re8 12. Nd3 Bf8 $15 {Bosboom,M (2440)-Dutreeuw,M
(2315)/Germany 2003}) 10... Qa5+ 11. Bd2 Qxc5 12. Nd3 Qc6 13. Rg1 Bf5 14. Bg2
Qc8 {Khalifman,A (2688)-Topalov,V (2739)/Dubai 2002}) 6... cxd4 7. Nxd4 O-O 8.
Bg5 Nxd5 {In Frage kommt der Einschub von 8...h6, denn der Tausch auf f6 ist
für Schwarz günstig.} (8... h6 $5 9. Bxf6 (9. Bh4 Nxd5) 9... Bxf6 10. e3 exd5
11. Bb5 a6 12. Be2 Nc6 13. Nxc6 bxc6 14. O-O Be5 $11 {Azmaiparashvili,Z (2666)
-Miladinovic,I (2518)/Athens 2002}) 9. Bxe7 Nxe7 10. Rd1 Qb6 11. Qb3 {Weiß
hofft auf einen Minivorteil im Endspiel.} (11. e3 e5 12. Nf3 Nbc6 13. Bc4 Bf5
14. Qb3 Qxb3 15. Bxb3 {Miles,A (2565)-Van der Sterren,P (2525)/London 1993}
Rfd8 $11) 11... Qxb3 12. Nxb3 Nbc6 $146 (12... Bd7 13. e3 b6 14. Be2 a6 15. Rd6
Bc6 16. O-O Ra7 17. Rfd1 Nc8 18. R6d2 Rc7 19. e4 b5 20. a3 Nb6 21. f3 $14 {
Chuchelov,V (2608)-Arduman,C (2336)/Rethymnon 2003}) 13. g3 b6 14. Bg2 Ba6 $6 {
Eine Ungenauigkeit. Es macht wenig Sinn, das Eindringen des Springers nach d6
zu provozieren, mit 14...Bb7 könnte Schwarz nach und nach ausgleichen.} (14...
Bb7 15. Rd7 Rab8 16. O-O Rfd8 17. Rfd1 Kf8 18. Nb5 a5 $1 $11) 15. Nd4 Bb7 (
15... Rac8 $2 16. Nxc6 Nxc6 17. Rd7 $16) 16. Ndb5 $14 Rab8 17. O-O a6 18. Nd6
Ba8 19. Rd2 Rfd8 20. Rfd1 Kf8 21. f4 Nc8 22. Nc4 $6 {Bisher hat Etienne alles
richtig gemacht, aber hier sollte er die Springer abtauschen.} (22. Nxc8 Rdxc8
(22... Rbxc8 23. Na4 $16) (22... Rxd2 23. Rxd2 Rxc8 24. Na4 $16) 23. Na4 $14 {
mit anhaltendem weißem Druck.}) 22... Rxd2 23. Rxd2 Ke7 $11 {Schwarz plant
b6-b5 mit Ausgleich.} 24. Na4 (24. Kf2 b5 25. Bxc6 Bxc6 26. Ne5 Be8 $11) (24.
e4 b5 25. Ne3 f6 $11) 24... Nb4 25. Bxa8 Rxa8 26. a3 (26. Ncxb6 Nxb6 27. Nxb6
Rb8 28. Nc4 Nxa2 29. Ne5 Rb7 30. Nc6+ Kf6 $11) 26... b5 $1 {Nun verflacht die
Stellung ziemlich schnell.} 27. Nc5 bxc4 28. Rd7+ Ke8 29. axb4 a5 30. Rc7 axb4
31. Ne4 c3 32. bxc3 bxc3 33. Rxc3 Ne7 34. Rc7 Rd8 35. Rb7 h6 36. Kf2 Nf5 37.
Nc5 Nd6 38. Ra7 Nb5 39. Ra5 Nd4 40. Nd3 Nc6 1/2-1/2

[Event "FIDE-Wch k.o."]
[Site "New Delhi/Teheran"]
[Date "2000.12.02"]
[Round "2.3"]
[White "Bareev, Evgeny"]
[Black "Vaganian, Rafael A"]
[Result "1/2-1/2"]
[WhiteElo "2702"]
[BlackElo "2623"]
[Annotator "Dautov,R"]
[PlyCount "124"]
[EventDate "2000.11.27"]
[EventType "k.o."]
[EventRounds "7"]
[EventCountry "IND"]
[SourceTitle "CBM 081"]
[Source "ChessBase"]
[SourceDate "2001.03.20"]
[SourceVersion "1"]
[SourceVersionDate "2001.03.20"]
[SourceQuality "1"]

1. d4 d5 2. c4 e6 3. Nc3 Be7 4. Nf3 Nf6 5. Bf4 O-O 6. e3 Nbd7 7. c5 Nh5 8. Bg3
$6 {Aussichtsreicher ist 8.Bd3, siehe z.B. die erste Partie des Matches. Der
Unterschied besteht darin, daß Schwarz nach dem Tausch auf g3 viel leichter
den Vorstoß e6-e5 durchsetzen kann.} c6 9. Bd3 g6 (9... f5 $6 10. Be5 $14 (10.
Ng5 $2 Nxc5 $1 11. dxc5 Nxg3 12. Nxe6 Bxe6 13. hxg3 Bxc5 $17)) 10. b4 b6 11.
O-O bxc5 12. bxc5 Nxg3 13. hxg3 e5 $1 $11 {Schwarz hat keinerlei Probleme.} 14.
Qa4 Qc7 (14... e4 $6 15. Nxe4 dxe4 16. Bxe4 $14 {wäre nicht im Sinne des
Nachziehenden.}) 15. Be2 exd4 16. exd4 Bf6 {/\Nxc5} 17. Rac1 Rb8 {Durch die
gegenseitigen Schwächen d4 und c6 bleibt die Stellung im Gleichgewicht.} 18.
Bd3 Kg7 (18... Re8 $5 {/\Re7, Nf8} 19. Rb1 $6 (19. Ne2 $142) 19... Rxb1 20.
Rxb1 Nxc5 21. Nxd5 Nxa4 22. Nxc7 Re7 $15) 19. Rfe1 h5 20. Ne2 Rh8 21. Rb1 Rxb1
22. Rxb1 Nf8 ({In Frage kam} 22... h4 $5 23. gxh4 (23. g4 h3 $13) 23... Bxh4
24. Nxh4 (24. Ba6 Bf6 $11) 24... Rxh4 25. g3 Rh8 26. Kg2 Nf6 27. Rh1 Rxh1 28.
Kxh1 Bg4 $11 {, aber Vaganian will mehr als einen Ausgleich.}) 23. Ba6 Ne6 24.
Bxc8 Rxc8 25. Qa6 Nd8 26. Nf4 Rb8 27. Qd3 Rxb1+ 28. Qxb1 h4 $1 {Schwarz
schafft dem Gegner eine Schwäche auf g3 und übernimmt die Initiative.} 29. Kh2
hxg3+ 30. fxg3 Qc8 31. Qe1 Ne6 $6 {Dieser Springertausch kommt zu früh.} ({
Chancenreicher war} 31... Kf8 $1 {/\Qf5} 32. Qa5 Qb8 33. Qa6 Kg7 $15 {/\Qc7,Ne6
}) 32. Qe3 Nxf4 33. Qxf4 $2 (33. gxf4 $1 Qf5 34. Kg3 $11) 33... Qh8+ $1 (33...
Qe8 34. g4 Qe4 35. Kg3 $11) 34. Kg1 Qe8 35. Kf2 (35. Qc7 $5) 35... Qe4 $1 36.
Qxe4 dxe4 37. Ne5 Bxe5 38. dxe5 {Das Bauernendspiel ist remislich, aber Weiß
muß noch einige Klippen umschiffen.} f5 39. Ke3 Kf7 40. g4 Ke6 41. Kd4 $2 {
Es handelt sich um eine Schnellschachpartie, und die Gegner hatten mit
Sicherheit sehr wenig Zeit. Der Zwischentausch auf f5 war unentbehrlich.} (41.
gxf5+ gxf5 (41... Kxf5 $2 42. e6 $11) 42. Kd4 Kf7 43. Ke3 Ke7 44. a3 a6 45. a4
a5 46. Kd4 Ke6 47. g3 Ke7 48. Kc4 $1 (48. Ke3 $2 Kd7 $19) 48... Kd7 49. Kc3 Ke6
50. Kd4 e3 51. Kxe3 Kxe5 52. Kf3 Kd5 53. Kf4 Kxc5 54. Kxf5 Kb4 55. g4 c5 56. g5
c4 57. Ke4 c3 58. Kd3 Kb3 59. g6 c2 60. g7 c1=Q 61. g8=Q+ Kxa4 62. Qc4+ $11)
41... e3 $17 42. Kxe3 Kxe5 43. gxf5 Kxf5 $1 44. Kf3 a5 45. a4 Ke5 46. Kg4 Kd5
47. Kg5 Kxc5 48. Kxg6 Kd4 $2 {Ein Gegenfehler. Schwarz konnte ein
Damenendspiel mit dem a-Bauern erreichen.} (48... Kb4 $1 49. g4 c5 50. Kf5 c4
51. g5 c3 52. g6 c2 53. g7 c1=Q 54. g8=Q Kxa4 $17) 49. g4 $11 c5 50. g5 c4 51.
Kf6 c3 52. g6 c2 53. g7 c1=Q 54. g8=Q Qf4+ 55. Ke6 Kc5 56. Qg1+ Kb4 57. Qd1
Qe3+ 58. Kd5 Qc5+ 59. Ke4 Qc6+ 60. Ke3 Qe6+ (60... Qxa4 61. Qd4+ Kb5 62. Qd7+
$11) 61. Kd2 Qa2+ 62. Ke3 Qa3+ 1/2-1/2

[Event "FIDE-Wch k.o."]
[Site "New Delhi/Teheran"]
[Date "2000.12.02"]
[Round "2.6"]
[White "Bareev, Evgeny"]
[Black "Vaganian, Rafael A"]
[Result "1-0"]
[WhiteElo "2702"]
[BlackElo "2623"]
[Annotator "Dautov,R"]
[PlyCount "39"]
[EventDate "2000.11.27"]
[EventType "k.o."]
[EventRounds "7"]
[EventCountry "IND"]
[SourceTitle "CBM 081"]
[Source "ChessBase"]
[SourceDate "2001.03.20"]
[SourceVersion "1"]
[SourceVersionDate "2001.03.20"]
[SourceQuality "1"]

1. Nf3 Nf6 2. c4 e6 3. Nc3 d5 4. d4 Be7 5. Bf4 O-O 6. e3 Nbd7 7. Qc2 b6 $6 {
Eine passive Fortsetzung. Vaganian mußte diese Partie unbedingt gewinnen, um
das Match weiterspielen zu können, deswegen wohl die Entscheidung, forcierte
Wege zu vermeiden.} ({Die beste Reaktion auf 7.Qc2 ist 7...c5, z.B,} 7... c5 8.
dxc5 (8. cxd5 cxd4 9. exd4 Nxd5 10. Nxd5 exd5 11. Be2 Bb4+ 12. Bd2 Bxd2+ 13.
Qxd2 Nf6 $11 {Van Wely,L-Asrian,K/New Delhi/Theran 2000}) 8... Nxc5 9. O-O-O
Bd7 10. Ne5 Rc8 11. Kb1 Qe8 12. Nxd7 Ncxd7 13. Qa4 Nb6 14. Qxe8 Rfxe8 15. cxd5
Nfxd5 16. Nxd5 Nxd5 $11 {Stohl,I-Lputian,S/Istanbul 2000}) 8. cxd5 exd5 9. Bd3
Bb7 10. O-O c5 11. Rad1 ({Zu früh ist} 11. dxc5 $6 {, vor 112 Jahren wußte man
das noch nicht.} bxc5 12. Rad1 h6 13. Bf5 Nh5 $2 (13... Nb6 $1 $11) 14. Nxd5
$18 {Blackburne,J-Taubenhaus,J/New York 1889}) (11. Rac1 h6 12. h3 Rc8 13. Bf5
Re8 14. Ne5 Bf8 15. Qa4 Nxe5 16. dxe5 Bc6 17. Qd1 Nd7 18. Nxd5 $16 {Ausmins,
E-Danieli,E/Jesolo 1999}) 11... c4 $5 12. Bf5 g6 13. Bh3 a6 14. a4 (14. Ne5 b5
15. a3 $14) 14... Nh5 15. Bh6 Re8 16. Ne5 $2 {Ein für Schnellschach typischer
Einsteller.} (16. b3 $5 $14) 16... Nf8 $2 {Schwarz glaubt dem Gegner aufs Wort
und verpaßt eine gute Möglichkeit, auf Gewinn zu spielen.} (16... Nxe5 17. dxe5
Bc5 $1 18. Nxd5 (18. Ne4 Rxe5 19. Nxc5 bxc5 $15) 18... Bxd5 19. e4 Rxe5 20.
Rxd5 Rxd5 21. exd5 Qxd5 22. Rd1 Re8 $1 $15) 17. f4 Ng7 $2 (17... f6 $1 {
war ein absolutes Muß. Es konnte folgen:} 18. Bxf8 $1 Bxf8 19. Nxg6 Rxe3 (19...
hxg6 20. Qxg6+ Ng7 21. Bf5 $40) 20. Nxf8 Qxf8 $14) 18. f5 $1 $16 g5 $2 (18...
f6 19. fxg6 fxe5 20. gxh7+ Kh8 (20... Nxh7 21. Qg6 Bf6 22. Bxg7 Bxg7 23. Rf7
$18) 21. Rf7 $18) (18... Bf6 $8 19. fxg6 hxg6 $1 20. Qf2 (20. e4 $16) 20... Nh7
21. Nd7 Nh5 $16) 19. f6 $1 $18 Bxf6 20. Qf2 (20. Qf2 Nh5 21. Bg4 $18) 1-0

[Event "EU-Cup 21st"]
[Site "Saint Vincent"]
[Date "2005.09.21"]
[Round "4.6"]
[White "Pantsulaia, Levan"]
[Black "Vaganian, Rafael A"]
[Result "1-0"]
[WhiteElo "2510"]
[BlackElo "2614"]
[Annotator "Dautov,R"]
[PlyCount "81"]
[EventDate "2005.09.18"]
[EventType "team-swiss"]
[EventRounds "7"]
[EventCountry "ITA"]
[SourceTitle "CBM 110"]
[Source "ChessBase"]
[SourceDate "2006.01.31"]
[SourceVersion "1"]
[SourceVersionDate "2006.01.31"]
[SourceQuality "1"]
[WhiteTeam "Tbilisi"]
[BlackTeam "Cheliabinsk"]
[WhiteTeamCountry "GEO"]
[BlackTeamCountry "RUS"]

{[%mdl 8192]} 1. d4 d5 2. c4 e6 3. Nc3 Be7 4. Nf3 Nf6 5. Bf4 c6 {Eine passive
Variante, die für Weiß leicht zu spielen ist.} 6. e3 Nbd7 7. Qc2 O-O 8. Rd1 a6
9. a3 dxc4 (9... Re8 10. h3 Nf8 11. e4 (11. Bh2 $14) 11... Ng6 12. Be3 dxe4 13.
Nxe4 Qc7 14. Bd3 e5 15. dxe5 Nxe5 16. Nxf6+ Bxf6 17. Bxh7+ Kh8 18. Be4 Nxf3+
19. Bxf3 $14 {Muse,M (2445)-Brumen,D (2335)/Medulin 1997}) 10. Bxc4 b5 11. Bd3
Bb7 12. e4 $6 {Eine Ungenauigkeit, besser ist 12.b4.} (12. b4 $1 a5 13. Rb1 Re8
14. e4 Nf8 15. O-O Ng6 16. Be3 axb4 17. axb4 e5 18. Nxe5 Nxe5 19. dxe5 Ng4 20.
e6 fxe6 21. e5 h6 22. Bf4 $16 {Psakhis,L (2605)-King,D (2495)/London 1994})
12... h6 $6 {Schwarz nutzt nicht die Möglichkeit, das Spiel mit dem Vorstoß
c6-c5 auszugleichen.} (12... c5 $1 13. d5 (13. e5 $2 c4 14. exf6 cxd3 15. Qxd3
Nxf6 $15) (13. dxc5 $2 Nxc5 14. Bxb5 $2 Qa5 $17) 13... exd5 (13... c4 14. Bxc4
$1 bxc4 15. d6 $14) 14. exd5 (14. e5 Nh5 15. Bxh7+ Kh8 16. Bg3 d4 17. Bf5 Bxf3
18. gxf3 g6 19. Bg4 Nxg3 20. hxg3+ Kg7 $15) 14... c4 15. Bf5 g6 16. Bxd7 Qxd7
17. Ne5 Qd8 18. O-O Bd6 $11) 13. O-O Re8 (13... c5 14. dxc5 Nxc5 $2 (14... Bxc5
15. e5 Bxf3 16. gxf3 Nh5 17. Bc1 $14) 15. Bxb5 Qb6 16. Bd3 Nxd3 17. Qxd3 $16)
14. Qe2 $6 {Erneut war der typische Zug 14.b4! am besten, um Schwarz mit dem
passiven Bb7 und dem rückständigen Bauern c6 zu lassen.} (14. b4 $1 a5 15. Rb1
$16) 14... c5 15. dxc5 Bxc5 16. Bb1 (16. e5 Nd5 17. Nxd5 Bxd5 18. b4 Bb6 19.
Rfe1 Rc8 20. Be4 Bxe4 21. Qxe4 $14) 16... Nh5 $5 (16... Rc8 $14) 17. Be3 Bxe3
18. fxe3 $1 {/\e5 Ein etwas überraschender und starker Zug, auf den Vaganian
sofort falsch reagiert.} (18. Qxe3 Qc7 19. Rfe1 Ne5 $11) 18... e5 $4 {
Angezeigt war 18...Nhf6. Der Textzug erweist sich überraschenderweise als
entscheidender Fehler.} (18... Nhf6 $1 19. e5 Ng4 20. Ne4 (20. Qd3 Nf8 $1 $11)
(20. Qc2 g6) (20. Rd4 Bxf3 21. gxf3 Ngxe5 22. Rfd1 Ra7 23. f4 $44) 20... Bd5
21. Nd6 Rf8 22. Qd3 g6 $13) 19. Ba2 $18 Nhf6 (19... Qe7 20. Bxf7+ Qxf7 21. Nxe5
$18) 20. Nh4 $1 {Plötzlich kann Schwarz den gegnerischen Angriff nicht
abwehren - es drohen Einschläge auf f6 und d7 sowie Nf5 nebst Qf3-g3.} Rc8 $2 {
Am zähesten war 20...Bc6, aber auch das half nicht mehr.} (20... Qc7 $2 21.
Rxd7 $1 Qxd7 22. Rxf6 gxf6 23. Nf5 $18) (20... Bc6 21. Nf5 Qc7 22. Qf3 $18) 21.
Rxf6 Qxf6 22. Rxd7 Re7 23. Rxe7 Qxe7 24. Nf5 Qf6 25. Qg4 Kh7 26. Bd5 Bxd5 27.
exd5 {Der Rest bedarf keiner Kommentare.} Rc4 28. Ne4 Qg6 29. Qxg6+ fxg6 30.
Nfd6 Rc7 31. Nc3 Kg8 32. Kf2 Kf8 33. Kf3 Ke7 34. Nde4 Rc4 35. Ke2 b4 36. b3 Rc8
37. axb4 Rb8 38. d6+ Ke6 39. Na4 Rxb4 40. Nac5+ Kf7 41. d7 1-0